| 000 | 00992nam a22003017a 4500 | ||
|---|---|---|---|
| 001 | 4723 | ||
| 003 | FISKH | ||
| 005 | 20240925150614.0 | ||
| 008 | 240925b cb ||||| |||| 00| 0 eng d | ||
| 020 | _a9780545853729 | ||
| 040 |
_aFISKH _beng _cFISKH _dFISKH |
||
| 050 | _aPZ7.L644 | ||
| 082 | _2813.54 | ||
| 100 |
_aLin, Grace _d1974- |
||
| 245 |
_aThe year of the dog / _cA novel by Grace Lin |
||
| 250 | _a2006 | ||
| 260 |
_aNew York : _bScholastic, _c2006. |
||
| 300 |
_a134 pages : _billustrations ; _c20cm |
||
| 505 | _aR | ||
| 520 | _aFrustrated at her seeming lack of talent for anything, a young Taiwanese American girl sets out to apply the lessons of the Chinese Year of the Dog, those of making best friends and finding oneself, to her own life. | ||
| 521 | 8 |
_a690L
_bLexile |
|
| 521 | 8 |
_aR
_bRaz-Plus |
|
| 650 |
_2Chinese Americans _aFriendship |
||
| 650 |
_2Taiwanese _aGrowing up |
||
| 700 |
_aLin, Grace _dIllustrator |
||
| 942 |
_2ddc _cBK _n0 |
||
| 999 |
_c4723 _d4723 |
||